Normal view
MARC view
- CATARINA DE SAN JUAN,
Entry Nombre Personal
001 - NUMERO DE CONTROL
- campo de control: 6504
003 - IDENTIFICADOR DE NUMERO DE CONTROL
- campo de control: UPN
005 - FECHA Y HORA DE LA ÜLTIMA TRANSACCIÓN
- campo de control: 20210219193703.0
008 - DATOS DE LONGITUD FIJA
- campo de control de longitud fija: nabaccnnaabn|||||||||| b |nc|||||d
035 ## - NUMERO DE CONTROL
- Número de control: UPN10000006506
040 ## - FUENTE DE CATALOGACIÓN
- Lenguaje de catalogación: SPA
- Agencia de transcripción: UPN
053 #4 - NÚMERO DE CLASIFICACIÓN LC
- Número de clasificación elemento-número único o número inicial de tramo: CT558.C3
100 0# - ENCABEZAMIENTO - NOMBRE PERSONAL
- Nombre personal: CATARINA DE SAN JUAN,
- Fechas asociadas con el nombre: 1614-1688
670 ## - FUENTE EN LA QUE SE LOCALIZARON DATOS
- Cita de la fuente: T
- Información localizada: Maza, Francisco de la, 1913-1972. Catarina de San Juan : princesa de la India y visionaria de Puebla
902 ## - CATALOGADOR
- Catalogador: BDV/140900
